书目信息 |
| 题名: |
特种基础工程
|
|
| 作者: | 谢新宇 , 俞建霖 主编 | |
| 分册: | ||
| 出版信息: | 北京 中国建筑工业出版社 2006.05 |
|
| 页数: | 206页 | |
| 开本: | 24cm | |
| 丛书名: | ||
| 单 册: | ||
| 中图分类: | TU47-43 | |
| 科图分类: | ||
| 主题词: | 地基--di ji--基础 (工程)--高等学校--教材 | |
| 电子资源: | ||
| ISBN: | 7-112-07568-8 | |
| 000 | 00932nam0 2200253 450 | |
| 001 | 012006289689 | |
| 005 | 20120408123307.29 | |
| 010 | @a7-112-07568-8@dCNY19.00 | |
| 100 | @a20060730d2006 km y0chiy0120 ea | |
| 101 | 0 | @achi |
| 102 | @aCN@b110000 | |
| 105 | @aa a 000yy | |
| 200 | 1 | @a特种基础工程@Ate zhong ji chu gong cheng@f谢新宇, 俞建霖主编@Fxie xin yu,yu jian lin zhu bian |
| 210 | @a北京@c中国建筑工业出版社@d2006.05 | |
| 215 | @a206页@c图@d24cm | |
| 320 | @a有书目 (第205-206页)。 | |
| 330 | @a本书根据高校土木工程专业指导委员会组织制定的教学大纲编写。 书主要内容包括:绪论、弹性地基梁板、高层建筑箱形基础设计与施工、沉井基础设计与施工等。 | |
| 333 | @a高校土木工程专业指导委员会规划推荐教材 | |
| 606 | 0 | @a地基@Adi ji@x基础 (工程)@x高等学校@j教材 |
| 690 | @aTU47-43@v4 | |
| 701 | 0 | @a谢新宇@Axie xin yu@4主编 |
| 701 | 0 | @a俞建霖@Ayu jian lin@4主编 |
| 801 | 0 | @aCN@c20060926 |
| 905 | @a10447@dTU47-43@eX478 | |
| 特种基础工程/谢新宇, 俞建霖主编.-北京:中国建筑工业出版社,2006.05 |
| 206页:图;24cm |
| 使用对象:高校土木工程专业指导委员会规划推荐教材 |
| ISBN 7-112-07568-8:CNY19.00 |
| 本书根据高校土木工程专业指导委员会组织制定的教学大纲编写。 书主要内容包括:绪论、弹性地基梁板、高层建筑箱形基础设计与施工、沉井基础设计与施工等。 |
| ● |
| 相关链接 |
|
|
|
正题名:特种基础工程
索取号:TU47-43/X478
 
预约/预借
| 序号 | 登录号 | 条形码 | 馆藏地/架位号 | 状态 | 备注 |
| 1 | 485366 | 204853667 | 土木与交通工程学院资料室/ [索取号:TU47-43/X478] | 在馆 | |
| 2 | 598398 | 205983989 | 建筑库101/101建筑库 97排2列3层/ [索取号:TU47-43/X478] | 在馆 | |
| 3 | 598399 | 205983998 | 建筑库101/101建筑库 97排2列3层/ [索取号:TU47-43/X478] | 在馆 | |
| 4 | 598400 | 205984005 | 建筑库101/101建筑库 97排2列3层/ [索取号:TU47-43/X478] | 在馆 |